| Tag |
First Indicator |
Second Indicator |
Subfields |
| LEADER |
00000cam a2200000 i 4500 |
| 001 |
in00004044621 |
| 006 |
m o d |
| 007 |
cr ||||||||||| |
| 008 |
180821s2018 cau ob 001 0 eng |
| 005 |
20221130133303.0 |
| 010 |
|
|
|a 2018018764
|
| 020 |
|
|
|a 9781503607095
|q (electronic book)
|
| 020 |
|
|
|a 1503607097
|q (electronic book)
|
| 020 |
|
|
|z 9781503601949
|q (alkaline paper)
|
| 024 |
8 |
|
|a 99983208664
|
| 035 |
|
|
|a (DLC)ebc5473340
|
| 035 |
|
|
|a in00004044621
|
| 040 |
|
|
|a NhCcYBP
|c NhCcYBP
|d UtOrBLW
|
| 042 |
|
|
|a pcc
|
| 043 |
|
|
|a n-us---
|
| 050 |
|
4 |
|a LB2372.3
|b .O94 2018
|
| 072 |
|
7 |
|a EDU
|x 015000
|2 bisacsh
|
| 082 |
0 |
0 |
|a 378.007
|2 23
|
| 100 |
1 |
|
|a Owen-Smith, Jason,
|e author.
|0 http://id.loc.gov/authorities/names/no2018023287
|
| 245 |
1 |
0 |
|a Research universities and the public good :
|b discovery for an uncertain future /
|c Jason Owen-Smith.
|
| 264 |
|
1 |
|a Stanford, California :
|b Stanford Business Books, An Imprint of Stanford University Press,
|c [2018]
|
| 300 |
|
|
|a 1 online resource.
|
| 336 |
|
|
|a text
|b txt
|2 rdacontent
|
| 337 |
|
|
|a computer
|b c
|2 rdamedia
|
| 338 |
|
|
|a online resource
|b cr
|2 rdacarrier
|
| 490 |
1 |
|
|a Innovation and technology in the world economy
|
| 504 |
|
|
|a Includes bibliographical references and index.
|
| 505 |
0 |
|
|a Introduction: knowledge, infrastructure, and the need for change -- A system to insure the future -- The organization of research universities -- Sources of discovery: networks on campus -- Community anchors: building resilience and connection -- Hubs linking communities: generating solutions for known and unknown problems -- Facing the future together.
|
| 588 |
0 |
|
|a Online resource; title from digital title page (viewed on October 01, 2018).
|
| 500 |
|
|
|a Electronic resource.
|
| 650 |
|
0 |
|a Research institutes
|x Social aspects
|z United States.
|
| 650 |
|
0 |
|a Universities and colleges
|z United States.
|0 http://id.loc.gov/authorities/subjects/sh85141149
|
| 650 |
|
0 |
|a Academic-industrial collaboration
|z United States.
|0 http://id.loc.gov/authorities/subjects/sh2009113399
|
| 650 |
|
0 |
|a Federal aid to research
|z United States.
|0 http://id.loc.gov/authorities/subjects/sh2008103628
|
| 655 |
|
7 |
|a Electronic books.
|2 local
|
| 710 |
2 |
|
|a ProQuest (Firm)
|0 http://id.loc.gov/authorities/names/n2007068018
|
| 776 |
1 |
8 |
|i Print version:
|a Owen-Smith, Jason.
|t Research universities and the public good.
|d Stanford, California : Stanford Business Books, An Imprint of Stanford University Press, [2018]
|z 9781503601949
|w (DLC) 2018008488
|
| 830 |
|
0 |
|a Innovation and technology in the world economy.
|0 http://id.loc.gov/authorities/names/n2003015069
|
| 856 |
4 |
0 |
|u https://ebookcentral.proquest.com/lib/tamucs/detail.action?docID=5473340
|z Connect to the full text of this electronic book
|t 0
|
| 955 |
|
|
|a YBP purchased DDA e-records
|
| 980 |
|
|
|b 65.62
|g 1
|
| 987 |
|
|
|a ybp15616352
|
| 999 |
f |
f |
|s 6b54ce83-4b66-4bb2-af58-e019cae5ecd6
|i 4c153c45-d5a5-3645-ac6b-9887a73463ba
|t 0
|
| 952 |
f |
f |
|a Texas A&M University
|b College Station
|c Electronic Resources
|d Available Online
|t 0
|e LB2372.3 .O94 2018
|h Library of Congress classification
|
| 998 |
f |
f |
|a LB2372.3 .O94 2018
|t 0
|l Available Online
|